000 00805cam a22002533a 4500
001 4237
003 PGUSA
005 20140828083050.0
008 030701s2003||||xxu|||||s|||||000 | eng d
040 _aPGUSA
_beng
042 _adc
050 4 _aDU
100 1 _aEden, Charles H.
_q(Charles Henry),
_d1839-1900
245 1 0 _aAustralian Search Party
_h[electronic resource] /
_cCharles H. Eden
260 _bProject Gutenberg,
_c2003
500 _aFrom: Illustrated travels: a record of discovery, geography, and adventure.
506 _aPublic domain in the USA.
516 _aElectronic text
653 _aAustralia -- Discovery and exploration
700 1 _aBates, Henry Walter,
_d1825-1892
830 0 _aProject Gutenberg
_v4237
856 4 0 _uhttp://www.gutenberg.org/ebooks/4237
942 _cEB
999 _c233566
_d233566